Statistics for Movie Characters by Clue

Click here to take the quiz!

General Stats

  • This quiz has been taken 24,024 times
  • The average score is 12 of 20

Answer Stats

Clues Character % Correct
Hates Snakes, Fedora, WhipIndiana Jones
96%
Leg Braces, Ping Pong, ShrimpForrest Gump
81%
Breathes Noisily, Has Issues with Son, Telekinetic ChokerDarth Vader
76%
Bicycle Basket, Reese's Pieces, Builds a PhoneE.T.
76%
Skull Island, Empire State Building, Killed by BeautyKing Kong
76%
Dad is Triton, Friends with a Crab, Becomes HumanAriel
72%
Don't Call him Chicken, Hover Skateboard, Best Friend is OldMarty McFly
70%
Logical, Pointy Ears, ResurrectedSpock
65%
Truancy, Twist and Shout, Day in ChicagoFerris Bueller
56%
Blue Face Paint, Freedom!, Impregnates the PrincessWilliam Wallace
55%
Vietnam Vet, Didn't Draw First Blood, Archery EnthusiastJohn Rambo
55%
Amnesia, Treadstone, Running from the CIAJason Bourne
55%
Chosen One, Knows Kung Fu, HackerNeo
50%
White Russian, Hates the Eagles, BowlingThe Dude
46%
Know-it-All, Crookshanks, Almost Killed by TrollHermione Granger
46%
Figment of Imagination, Makes Soap, Starts a ClubTyler Durden
43%
Amnesia, Regal Tang, Helps Rescue a FishDory
42%
Georgia, Name = Color, Vivien LeighScarlett O'Hara
38%
Jazz Flute, By the Beard of Zeus!, Chose Milk on a Hot DayRon Burgundy
31%
Nice Business Cards, Investment Banker, Serial KillerPatrick Bateman
24%

Score Distribution

Percentile by Number Answered

Percent of People with Each Score

Your Score History

You have not taken this quiz